¿Decisiones peligrosas? : (Registro nro. 42579)
[ vista simple ]
| 000 -LEADER | |
|---|---|
| fixed length control field | 01425cam a2200349 i 4500 |
| 001 - CONTROL NUMBER | |
| control field | 42579 |
| 003 - CONTROL NUMBER IDENTIFIER | |
| control field | Mx-PuUPA |
| 005 - DATE AND TIME OF LATEST TRANSACTION | |
| control field | 20240410103823.0 |
| 008 - FIXED-LENGTH DATA ELEMENTS--GENERAL INFORMATION | |
| fixed length control field | 140415s2012 sp gr 000 0 spa d |
| 020 ## - INTERNATIONAL STANDARD BOOK NUMBER | |
| International Standard Book Number | 9788430954438 |
| 040 ## - CATALOGING SOURCE | |
| Original cataloging agency | Mx-PuUPA |
| Language of cataloging | spa |
| Transcribing agency | Mx-PuUPA |
| Modifying agency | Mx-PuUPA |
| Description conventions | rda |
| 041 0# - LANGUAGE CODE | |
| Language code of text/sound track or separate title | spa |
| 100 1# - MAIN ENTRY--PERSONAL NAME | |
| Personal name | Savulescu, Julian, |
| Dates associated with a name | 1963- |
| Relator term | autor |
| 9 (RLIN) | 4399 |
| 240 10 - UNIFORM TITLE | |
| Uniform title | Oxford handbook of animal ethics. |
| Language of a work | Español |
| 245 11 - TITLE STATEMENT | |
| Title | ¿Decisiones peligrosas? : |
| Remainder of title | una bioética desafiante / |
| Statement of responsibility, etc. | Julian Savulescu ; prólogo de Peter Singer ; introducción, selección de artículos, traducción del inglés y notas, blanca Rodríguez López y [y otro] |
| 264 #1 - PRODUCTION, PUBLICATION, DISTRIBUTION, MANUFACTURE, AND COPYRIGHT NOTICE | |
| Place of production, publication, distribution, manufacture | Madrid, España : |
| Name of producer, publisher, distributor, manufacturer | Editorial Tecnos, |
| Date of production, publication, distribution, manufacture, or copyright notice | 2012 |
| 300 ## - PHYSICAL DESCRIPTION | |
| Extent | 340 páginas ; |
| Dimensions | 20 cm |
| 336 ## - CONTENT TYPE | |
| Fuente | rdacontent |
| Content type term | texto |
| Content type code | txt |
| 337 ## - MEDIA TYPE | |
| Source | rdamedia |
| Media type term | sin medio |
| Media type code | n |
| 338 ## - CARRIER TYPE | |
| Source | rdacarrier |
| Carrier type term | volumen |
| Carrier type code | nc |
| 490 0# - SERIES STATEMENT | |
| Series statement | Filosofía y ensayo |
| 650 #7 - SUBJECT ADDED ENTRY--TOPICAL TERM | |
| Source of heading or term | armarc |
| Topical term or geographic name entry element | Bioética |
| 650 #7 - SUBJECT ADDED ENTRY--TOPICAL TERM | |
| Source of heading or term | armarc |
| Topical term or geographic name entry element | Eugenesia |
| General subdivision | Aspectos morales |
| 650 #7 - SUBJECT ADDED ENTRY--TOPICAL TERM | |
| Source of heading or term | armarc |
| Topical term or geographic name entry element | Derecho |
| General subdivision | Filosofía |
| 700 1# - ADDED ENTRY--PERSONAL NAME | |
| Personal name | Singer, Peter, |
| Relator term | prologuista |
| 700 1# - ADDED ENTRY--PERSONAL NAME | |
| Personal name | Rodríguez López, Blanca, |
| Relator term | traductor |
| 765 08 - ORIGINAL LANGUAGE ENTRY | |
| Main entry heading | Oxford handbook of animal ethics. |
| Place, publisher, and date of publication | [Lugar de publicación no identificado] : Oxford University Press, 2012 |
| 942 ## - ADDED ENTRY ELEMENTS (KOHA) | |
| Source of classification or shelving scheme | Dewey Decimal Classification |
| Koha item type | Libro |
| Classification part | 174.2 |
| Item part | S263 |
| Withdrawn status | Lost status | Source of classification or shelving scheme | Damaged status | Not for loan | Collection code | Home library | Current library | Shelving location | Date acquired | Source of acquisition | Total Checkouts | Total Renewals | Full call number | Barcode | Date last seen | Date last checked out | Price effective from | Koha item type |
|---|---|---|---|---|---|---|---|---|---|---|---|---|---|---|---|---|---|---|
| Dewey Decimal Classification | General | Biblioteca Karol Wojtyla | Biblioteca Karol Wojtyla | Sala general | 03/12/2013 | Compra | 5 | 2 | 174.2 S263 2012 | 63931 | 25/03/2025 | 24/10/2024 | 03/12/2013 | Libro |